000 00573nam a2200193Ia 4500
008 191130s2008##################000#0#eng##
020 _a9788130903071
040 _aACL
_cACL
082 _a658.514 SZA
245 _aHandbook of technology management
_cEdited by Robert Szakonyi
260 _aNew Delhi
_bViva Books
_c2008
300 _axiii, 1 v. (various pagings) : ill. ; 24 cm
500 _aIncludes index
650 _aTechnology - Management
700 _aSzakonyi, Robert
990 _ae613e981ac10000c774f2b818eb831df
991 _a123327
999 _c238625
_d238625